1573 1377 1317 1516 1724 1542 1819 1467 1542 1974 1265 1063 1557 1722 1642 1510 1741 1379 1980 1168 1205 1224 1853 1783 1182 1921 1192 1866 1166 1607 1959 1023 1003 1757 1297 1688 1635 1528 1604 1883 1065 1234 1788 1006 1688 1762 1730 1345 1188 1717 1027 1990 1315 1150 1827 1705 1837 1150 1038 1578 1770 1372 1125 1232 1819 1800 1352 1509 1305 1587 1692 1024 1231 1153 1331 1997 1070 1601 1086 1510 1781 1752 1098 1802 1919 1536 1681 1139 1736 1182 1023 1169 1548 1289 1602 1539 1107 1516 1551 BCNSPRNW ULIB Ver.6.0+V

เปลี่ยนเป็นภาษาไทย

Change to English
 แสดงรายละเอียดบรรณานุกรม
  กลับหน้าหลัก

Brief Record : Get Marc (ISO 2709) : E-mail record : QR code < ปิดหน้าต่าง
LEADER : 00000nam 2200000uu 4500
001    13399127320
003     ULIB
008    200420s2562||||th 000 0 tha d
020    ^a9789745877412^c400
060  4 ^aWB115^bต367
245 00 ^aตำราอายุรศาสตร์ อาการวิทยา /^cคณาจารย์ภาควิชาอายุรศาสตร์ คณะแพทยศาสตร์ศิริราชพยาบาล มหาวิทยาลัยมหิดล ; บรรณาธิการ, วันชัย เดชสัมฤทธิ์ฤทัย ... [และคนอื่นๆ]
250    ^aฉบับปรับปรุงใหม่พิมพ์เพิ่มเติมครั้งที่ 6
260    ^aกรุงเทพฯ :^bศุภวนิชการพิมพ์,^c2562
300    ^a461 หน้า :^bภาพประกอบ
650  2 ^aอายุรศาสตร์
700 0  ^aวันชัย เดชสัมฤทธิ์ฤทัย,^eบรรณาธิการ
710 2  ^aมหาวิทยาลัยมหิดล.^bคณะแพทยศาสตร์ศิริราชพยาบาล.^bคณาจารย์ภาควิชาอายุรศาสตร์
945    ^p400^l0^i006844
945    ^p400^l0^i006845
945    ^p400^l0^i006846
945    ^p400^l0^i006847
945    ^p400^l0^i006848
999    ^aประนอม เกษจรัล
รายการนี้ยังไม่มีแท็ก
คุณยังไม่ได้ล็อกอิน คุณสามารถมีกิจกรรมร่วมกับเว็บไซต์ได้ แต่ต้องล็อกอินก่อน ::
  ล็อกอิน

รายการสื่อสารสนเทศ

ลำดับที่ ประเภท เลขเรียก/บาร์โค้ด สถานที่ สถานะ
1. วิทยาศาสตร์การแพทย์ และสุขภาพ
หนังสือสำรอง
สถานะ=หนังสือสำรอง
WB115 ต367 ฉ.1 
  Barcode: 006844
ห้องสมุดวิทยาเขตสวรรค์ประชารักษ์
►หนังสือทั่วไป
บนชั้น
2. วิทยาศาสตร์การแพทย์ และสุขภาพ
วิทยาศาสตร์การแพทย์ และสุขภาพ
WB115 ต367 ฉ.2 
  Barcode: 006845
ห้องสมุดวิทยาเขตสวรรค์ประชารักษ์
►หนังสือทั่วไป
บนชั้น
3. วิทยาศาสตร์การแพทย์ และสุขภาพ
วิทยาศาสตร์การแพทย์ และสุขภาพ
WB115 ต367 ฉ.3 
  Barcode: 006846
ห้องสมุดวิทยาเขตสวรรค์ประชารักษ์
►หนังสือทั่วไป
บนชั้น
4. วิทยาศาสตร์การแพทย์ และสุขภาพ
วิทยาศาสตร์การแพทย์ และสุขภาพ
WB115 ต367 ฉ.4 
  Barcode: 006847
ห้องสมุดวิทยาเขตสวรรค์ประชารักษ์
►หนังสือทั่วไป
บนชั้น
5. วิทยาศาสตร์การแพทย์ และสุขภาพ
วิทยาศาสตร์การแพทย์ และสุขภาพ
WB115 ต367 ฉ.5 
  Barcode: 006848
ห้องสมุดวิทยาเขตสวรรค์ประชารักษ์
►หนังสือทั่วไป
บนชั้น

รายการใกล้เคียง
    หัวเรื่อง [อายุรศาสตร์]

BibComment


ยังไม่เคยถูกคอมเมนท์

คอมเมนท์ทรัพยากรรายการนี้
  คอมเมนท์: ตำราอายุรศาสตร์ ..


 Copyright 2026. Bcnsprnw @Library